[Event "POHÁR města Říčany 2023"]
[Site "Městské kulturní středisko U labutě"]
[Date "2023.08.27"]
[Round "2.6"]
[White "Rodshtein, Tereza"]
[Black "Pisar, Tomas"]
[Result "1/2-1/2"]
[WhiteFideId "325449"]
[BlackFideId "23701501"]
[WhiteElo "2203"]
[BlackElo "1861"]
[PlyCount "0"]
[EventDate "2023.08.26"]

1. e4 {[%clk 01:30:57]} {[%emt 00:00:02]} e5 {[%clk 01:30:58]} {[%emt
00:00:04]} 2. Nf3 {[%clk 01:31:20]} {[%emt 00:00:06]} Nc6 {[%clk 01:31:23]}
{[%emt 00:00:04]} 3. Bb5 {[%clk 01:31:46]} {[%emt 00:00:04]} Nf6 {[%clk
01:31:49]} {[%emt 00:00:04]} 4. d3 {[%clk 01:32:02]} {[%emt 00:00:14]} Bc5
{[%clk 01:32:13]} {[%emt 00:00:05]} 5. Nc3 {[%clk 01:29:04]} {[%emt 00:03:28]}
a6 {[%clk 01:28:34]} {[%emt 00:04:11]} 6. Ba4 {[%clk 01:28:36]} {[%emt
00:00:57]} O-O {[%clk 01:23:21]} {[%emt 00:05:42]} 7. Be3 {[%clk 01:23:13]}
{[%emt 00:05:53]} Qe7 {[%clk 01:20:50]} {[%emt 00:03:01]} 8. O-O {[%clk
01:16:30]} {[%emt 00:07:12]} Bxe3 {[%clk 01:10:19]} {[%emt 00:11:03]} 9. fxe3
{[%clk 01:16:57]} {[%emt 00:00:02]} d6 {[%clk 01:06:13]} {[%emt 00:04:37]} 10.
Qe1 {[%clk 01:12:28]} {[%emt 00:04:58]} b5 {[%clk 00:56:55]} {[%emt 00:09:48]}
11. Bb3 {[%clk 01:12:45]} {[%emt 00:00:11]} Be6 {[%clk 00:56:05]} {[%emt
00:01:23]} 12. Nd5 {[%clk 01:09:53]} {[%emt 00:03:22]} Bxd5 {[%clk 00:56:22]}
{[%emt 00:00:13]} 13. exd5 {[%clk 01:10:21]} {[%emt 00:00:02]} Nb8 {[%clk
00:55:56]} {[%emt 00:00:55]} 14. Qh4 {[%clk 01:02:43]} {[%emt 00:08:08]} Nbd7
{[%clk 00:51:35]} {[%emt 00:04:51]} 15. d4 {[%clk 00:48:17]} {[%emt 00:14:55]}
Rae8 {[%clk 00:38:01]} {[%emt 00:14:05]} 16. Rae1 {[%clk 00:44:41]} {[%emt
00:04:05]} Nb6 {[%clk 00:34:40]} {[%emt 00:03:52]} 17. e4 {[%clk 00:36:23]}
{[%emt 00:08:47]} exd4 {[%clk 00:28:51]} {[%emt 00:06:20]} 18. Nxd4 {[%clk
00:31:32]} {[%emt 00:05:21]} Nxe4 {[%clk 00:25:23]} {[%emt 00:03:57]} 19. Qxe7
{[%clk 00:21:21]} {[%emt 00:10:41]} Rxe7 {[%clk 00:25:49]} {[%emt 00:00:04]} 20.
Rf4 {[%clk 00:21:42]} {[%emt 00:00:08]} f5 {[%clk 00:23:34]} {[%emt 00:02:46]}
21. Nxf5 {[%clk 00:21:35]} {[%emt 00:00:37]} Re5 {[%clk 00:22:07]} {[%emt
00:01:57]} 22. g4 {[%clk 00:17:50]} {[%emt 00:04:15]} Rfe8 {[%clk 00:20:40]}
{[%emt 00:01:58]} 23. Ref1 {[%clk 00:16:41]} {[%emt 00:01:35]} Nd2 {[%clk
00:19:01]} {[%emt 00:02:13]} 24. Ra1 {[%clk 00:14:48]} {[%emt 00:02:22]} Re1+
{[%clk 00:17:00]} {[%emt 00:02:31]} 25. Rxe1 {[%clk 00:14:25]} {[%emt
00:00:53]} Rxe1+ {[%clk 00:17:27]} {[%emt 00:00:04]} 26. Kg2 {[%clk 00:14:36]}
{[%emt 00:00:18]} Re2+ {[%clk 00:17:13]} {[%emt 00:00:45]} 27. Kg3 {[%clk
00:13:47]} {[%emt 00:01:19]} Nxb3 {[%clk 00:17:37]} {[%emt 00:00:05]} 28. axb3
{[%clk 00:13:55]} {[%emt 00:00:21]} Nxd5 {[%clk 00:17:39]} {[%emt 00:00:30]} 29.
Rd4 {[%clk 00:13:56]} {[%emt 00:00:29]} Nb6 {[%clk 00:15:20]} {[%emt 00:02:49]}
30. Rf4 {[%clk 00:13:33]} {[%emt 00:00:53]} Nd5 {[%clk 00:13:43]} {[%emt
00:02:08]} 31. Rd4 {[%clk 00:14:02]} {[%emt 00:00:01]} Ne7 {[%clk 00:13:22]}
{[%emt 00:00:51]} 32. Nxe7+ {[%clk 00:13:13]} {[%emt 00:01:19]} Rxe7 {[%clk
00:13:48]} {[%emt 00:00:04]} 33. Kf2 {[%clk 00:12:09]} {[%emt 00:01:33]} Re5
{[%clk 00:11:22]} {[%emt 00:02:56]} 34. b4 {[%clk 00:12:00]} {[%emt 00:00:39]}
Kf7 {[%clk 00:10:44]} {[%emt 00:01:07]} 35. Kf3 {[%clk 00:11:44]} {[%emt
00:00:47]} Re1 {[%clk 00:09:58]} {[%emt 00:01:17]} 36. Rd3 {[%clk 00:11:50]}
{[%emt 00:00:22]} Rb1 {[%clk 00:09:16]} {[%emt 00:01:13]} 1/2-1/2

[Event "POHÁR města Říčany 2023"]
[Site "Městské kulturní středisko U labutě"]
[Date "2023.08.27"]
[Round "2.7"]
[White "Cervenka, Petr"]
[Black "Seidl, Jan"]
[Result "0-1"]
[WhiteFideId "312444"]
[BlackFideId "23714522"]
[WhiteElo "1869"]
[BlackElo "2163"]
[PlyCount "0"]
[EventDate "2023.08.26"]

1. e4 {[%clk 01:30:52]} {[%emt 00:00:06]} c6 {[%clk 01:12:39]} {[%emt
00:18:22]} 2. d4 {[%clk 01:30:22]} {[%emt 00:01:00]} d5 {[%clk 01:13:03]}
{[%emt 00:00:07]} 3. exd5 {[%clk 01:30:40]} {[%emt 00:00:12]} cxd5 {[%clk
01:13:29]} {[%emt 00:00:04]} 4. c4 {[%clk 01:30:41]} {[%emt 00:00:27]} Nf6
{[%clk 01:13:32]} {[%emt 00:00:28]} 5. Nc3 {[%clk 01:30:50]} {[%emt 00:00:21]}
Nc6 {[%clk 01:13:50]} {[%emt 00:00:13]} 6. Bf4 {[%clk 01:30:35]} {[%emt
00:00:45]} g6 {[%clk 01:14:13]} {[%emt 00:00:07]} 7. c5 {[%clk 01:30:24]}
{[%emt 00:00:40]} Bg7 {[%clk 01:14:32]} {[%emt 00:00:11]} 8. Bb5 {[%clk
01:29:42]} {[%emt 00:01:13]} O-O {[%clk 01:14:19]} {[%emt 00:00:43]} 9. Nf3
{[%clk 01:20:51]} {[%emt 00:09:21]} Bg4 {[%clk 01:10:12]} {[%emt 00:04:37]} 10.
Bxc6 {[%clk 01:20:16]} {[%emt 00:01:05]} bxc6 {[%clk 01:10:36]} {[%emt
00:00:07]} 11. Qa4 {[%clk 01:06:54]} {[%emt 00:13:52]} Bxf3 {[%clk 01:06:45]}
{[%emt 00:04:20]} 12. gxf3 {[%clk 01:07:16]} {[%emt 00:00:07]} Nh5 {[%clk
01:06:31]} {[%emt 00:00:45]} 13. Be3 {[%clk 01:06:17]} {[%emt 00:01:29]} Qc7
{[%clk 01:03:38]} {[%emt 00:03:23]} 14. b4 {[%clk 01:04:08]} {[%emt 00:02:39]}
e5 {[%clk 01:03:05]} {[%emt 00:01:03]} 15. O-O-O {[%clk 01:04:24]} {[%emt
00:00:14]} exd4 {[%clk 01:02:26]} {[%emt 00:01:08]} 16. Bxd4 {[%clk 01:03:56]}
{[%emt 00:00:58]} Qf4+ {[%clk 01:02:44]} {[%emt 00:00:12]} 17. Rd2 {[%clk
01:00:02]} {[%emt 00:04:25]} Bxd4 {[%clk 01:02:50]} {[%emt 00:00:23]} 18. Ne2
{[%clk 01:00:26]} {[%emt 00:00:06]} Bb2+ {[%clk 00:59:44]} {[%emt 00:03:36]} 19.
Kc2 {[%clk 00:58:15]} {[%emt 00:02:41]} Qxf3 {[%clk 01:00:03]} {[%emt
00:00:11]} 20. Rhd1 {[%clk 00:58:05]} {[%emt 00:00:40]} Bg7 {[%clk 00:59:15]}
{[%emt 00:01:17]} 21. Qxc6 {[%clk 00:58:09]} {[%emt 00:00:26]} Qa3 {[%clk
00:57:36]} {[%emt 00:02:09]} 0-1

[Event "POHÁR města Říčany 2023"]
[Site "Městské kulturní středisko U labutě"]
[Date "2023.08.27"]
[Round "2.8"]
[White "Taborsky, Rostislav"]
[Black "Svetly, Jiri"]
[Result "1-0"]
[WhiteFideId "307491"]
[BlackFideId "316032"]
[WhiteElo "2153"]
[BlackElo "1850"]
[PlyCount "0"]
[EventDate "2023.08.26"]

1. e4 {[%clk 01:30:56]} {[%emt 00:00:03]} d6 {[%clk 01:29:40]} {[%emt
00:01:21]} 2. d4 {[%clk 01:31:20]} {[%emt 00:00:06]} Nf6 {[%clk 01:29:57]}
{[%emt 00:00:13]} 3. Nc3 {[%clk 01:31:45]} {[%emt 00:00:04]} g6 {[%clk
01:30:23]} {[%emt 00:00:05]} 4. f4 {[%clk 01:31:59]} {[%emt 00:00:17]} Bg7
{[%clk 01:30:39]} {[%emt 00:00:14]} 5. Nf3 {[%clk 01:32:23]} {[%emt 00:00:05]}
O-O {[%clk 01:30:40]} {[%emt 00:00:29]} 6. Rb1 {[%clk 01:32:40]} {[%emt
00:00:13]} c6 {[%clk 01:27:57]} {[%emt 00:03:12]} 7. Bd3 {[%clk 01:21:06]}
{[%emt 00:12:04]} Nbd7 {[%clk 01:17:20]} {[%emt 00:11:08]} 8. e5 {[%clk
01:06:36]} {[%emt 00:15:00]} Nd5 {[%clk 01:17:37]} {[%emt 00:00:12]} 9. Nxd5
{[%clk 00:47:34]} {[%emt 00:19:32]} cxd5 {[%clk 01:17:57]} {[%emt 00:00:10]} 10.
O-O {[%clk 00:44:19]} {[%emt 00:03:46]} Nb6 {[%clk 01:13:31]} {[%emt 00:04:56]}
11. h3 {[%clk 00:40:21]} {[%emt 00:04:29]} a5 {[%clk 01:11:37]} {[%emt
00:02:24]} 12. b3 {[%clk 00:38:32]} {[%emt 00:02:19]} a4 {[%clk 01:07:06]}
{[%emt 00:05:01]} 13. Qe2 {[%clk 00:38:55]} {[%emt 00:00:06]} Bd7 {[%clk
00:58:00]} {[%emt 00:09:36]} 14. Be3 {[%clk 00:37:32]} {[%emt 00:01:53]} f6
{[%clk 00:52:33]} {[%emt 00:05:57]} 15. Kh1 {[%clk 00:30:38]} {[%emt 00:07:23]}
Qc7 {[%clk 00:50:57]} {[%emt 00:02:06]} 16. Rbe1 {[%clk 00:28:24]} {[%emt
00:02:44]} Rae8 {[%clk 00:44:03]} {[%emt 00:07:23]} 17. Bf2 {[%clk 00:23:30]}
{[%emt 00:05:25]} e6 {[%clk 00:39:50]} {[%emt 00:04:43]} 18. Bh4 {[%clk
00:19:39]} {[%emt 00:04:20]} dxe5 {[%clk 00:32:42]} {[%emt 00:07:39]} 19. fxe5
{[%clk 00:19:01]} {[%emt 00:01:09]} f5 {[%clk 00:32:18]} {[%emt 00:00:53]} 20.
Bg5 {[%clk 00:17:41]} {[%emt 00:01:50]} h6 {[%clk 00:31:35]} {[%emt 00:01:12]}
21. Bd2 {[%clk 00:17:52]} {[%emt 00:00:20]} Rf7 {[%clk 00:28:21]} {[%emt
00:03:44]} 22. g4 {[%clk 00:14:35]} {[%emt 00:03:47]} fxg4 {[%clk 00:15:15]}
{[%emt 00:13:36]} 23. hxg4 {[%clk 00:14:17]} {[%emt 00:00:48]} g5 {[%clk
00:13:27]} {[%emt 00:02:17]} 24. Nxg5 {[%clk 00:11:44]} {[%emt 00:03:04]} Rxf1+
{[%clk 00:06:05]} {[%emt 00:07:52]} 25. Rxf1 {[%clk 00:11:32]} {[%emt
00:00:41]} Re7 {[%clk 00:05:16]} {[%emt 00:01:18]} 26. Nh7 {[%clk 00:04:26]}
{[%emt 00:07:36]} Be8 {[%clk 00:01:31]} {[%emt 00:04:15]} 27. Nf6+ {[%clk
00:04:13]} {[%emt 00:00:44]} Bxf6 {[%clk 00:00:44]} {[%emt 00:01:17]} 28. Rxf6
{[%clk 00:04:13]} {[%emt 00:00:29]} Nd7 {[%clk 00:00:32]} {[%emt 00:00:43]} 29.
Rxh6 {[%clk 00:04:17]} {[%emt 00:00:26]} Rg7 {[%clk 00:01:00]} {[%emt
00:00:01]} 30. Qh2 {[%clk 00:03:59]} {[%emt 00:00:48]} Nf8 {[%clk 00:00:34]}
{[%emt 00:00:57]} 31. Rh8+ {[%clk 00:04:01]} {[%emt 00:00:28]} Kf7 {[%clk
00:01:03]} 32. Qf4+ {[%clk 00:04:04]} {[%emt 00:00:27]} Ke7 {[%clk 00:01:29]}
{[%emt 00:00:05]} 33. Qxf8+ {[%clk 00:04:28]} {[%emt 00:00:06]} 1-0

[Event "POHÁR města Říčany 2023"]
[Site "Městské kulturní středisko U labutě"]
[Date "2023.08.27"]
[Round "2.9"]
[White "Blazek, Miroslav"]
[Black "Bezdek, Tomas"]
[Result "0-1"]
[WhiteFideId "335215"]
[BlackFideId "23733551"]
[WhiteElo "1849"]
[BlackElo "2136"]
[PlyCount "0"]
[EventDate "2023.08.26"]

1. c4 {[%clk 01:30:57]} {[%emt 00:00:02]} Nf6 {[%clk 01:30:41]} {[%emt
00:00:19]} 2. Nc3 {[%clk 01:31:16]} {[%emt 00:00:11]} e6 {[%clk 01:31:00]}
{[%emt 00:00:11]} 3. g3 {[%clk 01:29:54]} {[%emt 00:01:52]} d5 {[%clk
01:30:57]} {[%emt 00:00:33]} 4. d4 {[%clk 01:28:49]} {[%emt 00:01:35]} c6
{[%clk 01:30:05]} {[%emt 00:01:23]} 5. cxd5 {[%clk 01:27:43]} {[%emt 00:01:35]}
exd5 {[%clk 01:30:25]} {[%emt 00:00:11]} 6. Bg2 {[%clk 01:26:34]} {[%emt
00:01:38]} Bd6 {[%clk 01:28:16]} {[%emt 00:02:39]} 7. Nf3 {[%clk 01:21:58]}
{[%emt 00:05:06]} O-O {[%clk 01:28:37]} {[%emt 00:00:10]} 8. O-O {[%clk
01:22:13]} {[%emt 00:00:14]} Bf5 {[%clk 01:28:55]} {[%emt 00:00:12]} 9. Bd2
{[%clk 01:17:44]} {[%emt 00:04:59]} Nbd7 {[%clk 01:29:03]} {[%emt 00:00:23]} 10.
Qc1 {[%clk 01:15:38]} {[%emt 00:02:36]} Re8 {[%clk 01:22:29]} {[%emt 00:07:04]}
11. Re1 {[%clk 01:13:03]} {[%emt 00:03:05]} Qc7 {[%clk 01:20:56]} {[%emt
00:02:02]} 12. Bf4 {[%clk 01:09:52]} {[%emt 00:03:41]} Ne4 {[%clk 01:08:24]}
{[%emt 00:13:03]} 13. Bxd6 {[%clk 01:07:47]} {[%emt 00:02:35]} Qxd6 {[%clk
01:07:08]} {[%emt 00:01:46]} 14. Nd2 {[%clk 01:00:01]} {[%emt 00:08:15]} Ng5
{[%clk 00:59:32]} {[%emt 00:08:06]} 15. Nf3 {[%clk 00:54:54]} {[%emt 00:05:37]}
Nh3+ {[%clk 00:55:43]} {[%emt 00:04:19]} 16. Kf1 {[%clk 00:52:18]} {[%emt
00:03:04]} Qf6 {[%clk 00:54:48]} {[%emt 00:01:26]} 17. Qd2 {[%clk 00:50:03]}
{[%emt 00:02:46]} h6 {[%clk 00:54:02]} {[%emt 00:01:15]} 18. Ng1 {[%clk
00:42:12]} {[%emt 00:08:21]} Ng5 {[%clk 00:51:39]} {[%emt 00:02:53]} 19. Nf3
{[%clk 00:37:59]} {[%emt 00:04:42]} Ne4 {[%clk 00:51:53]} {[%emt 00:00:17]} 20.
Nxe4 {[%clk 00:37:56]} {[%emt 00:00:34]} dxe4 {[%clk 00:51:20]} {[%emt
00:01:03]} 21. Ng1 {[%clk 00:37:24]} {[%emt 00:01:01]} e3 {[%clk 00:47:14]}
{[%emt 00:04:37]} 22. fxe3 {[%clk 00:37:05]} {[%emt 00:00:48]} Nb6 {[%clk
00:46:43]} {[%emt 00:01:00]} 23. Rac1 {[%clk 00:33:11]} {[%emt 00:04:24]} Nd5
{[%clk 00:46:03]} {[%emt 00:01:10]} 24. Nf3 {[%clk 00:31:59]} {[%emt 00:01:43]}
Nxe3+ {[%clk 00:43:10]} {[%emt 00:03:23]} 25. Kg1 {[%clk 00:31:21]} {[%emt
00:01:07]} Rad8 {[%clk 00:42:21]} {[%emt 00:01:20]} 26. Rc3 {[%clk 00:26:22]}
{[%emt 00:05:29]} Qe6 {[%clk 00:41:36]} {[%emt 00:01:15]} 27. b3 {[%clk
00:25:07]} {[%emt 00:01:45]} g5 {[%clk 00:40:48]} {[%emt 00:01:18]} 28. Kf2
{[%clk 00:24:08]} {[%emt 00:01:29]} Nd5 {[%clk 00:37:29]} {[%emt 00:03:50]} 29.
Rcc1 {[%clk 00:21:39]} {[%emt 00:02:59]} Be4 {[%clk 00:37:03]} {[%emt
00:00:56]} 30. e3 {[%clk 00:21:11]} {[%emt 00:00:59]} Qf5 {[%clk 00:35:13]}
{[%emt 00:02:19]} 31. Ke2 {[%clk 00:18:14]} {[%emt 00:03:28]} Bxf3+ {[%clk
00:34:58]} {[%emt 00:00:45]} 32. Bxf3 {[%clk 00:17:37]} {[%emt 00:01:07]} Rxe3+
{[%clk 00:35:15]} {[%emt 00:00:12]} 0-1

[Event "POHÁR města Říčany 2023"]
[Site "Městské kulturní středisko U labutě"]
[Date "2023.08.27"]
[Round "2.10"]
[White "Skypala, Ondrej"]
[Black "Vavrinec, Tomas"]
[Result "1-0"]
[WhiteFideId "366285"]
[BlackFideId "318353"]
[WhiteElo "2132"]
[BlackElo "1847"]
[PlyCount "0"]
[EventDate "2023.08.26"]

1. c4 {[%clk 01:30:56]} {[%emt 00:00:03]} c5 {[%clk 01:30:25]} {[%emt
00:00:36]} 2. g3 {[%clk 01:31:19]} {[%emt 00:00:06]} g6 {[%clk 01:30:41]}
{[%emt 00:00:14]} 3. Bg2 {[%clk 01:31:43]} {[%emt 00:00:05]} Bg7 {[%clk
01:31:04]} {[%emt 00:00:07]} 4. Nf3 {[%clk 01:32:05]} {[%emt 00:00:07]} Nf6
{[%clk 01:31:00]} {[%emt 00:00:36]} 5. Nc3 {[%clk 01:32:26]} {[%emt 00:00:08]}
Nc6 {[%clk 01:31:01]} {[%emt 00:00:30]} 6. d4 {[%clk 01:32:46]} {[%emt
00:00:09]} cxd4 {[%clk 01:31:25]} {[%emt 00:00:07]} 7. Nxd4 {[%clk 01:33:09]}
{[%emt 00:00:06]} Nxd4 {[%clk 01:31:47]} {[%emt 00:00:09]} 8. Qxd4 {[%clk
01:33:31]} {[%emt 00:00:08]} d6 {[%clk 01:32:11]} {[%emt 00:00:06]} 9. O-O
{[%clk 01:33:37]} {[%emt 00:00:23]} O-O {[%clk 01:32:36]} {[%emt 00:00:07]} 10.
Qd3 {[%clk 01:33:42]} {[%emt 00:00:24]} a6 {[%clk 01:30:58]} {[%emt 00:02:09]}
11. b3 {[%clk 01:33:00]} {[%emt 00:01:12]} Qa5 {[%clk 01:28:00]} {[%emt
00:03:28]} 12. Rb1 {[%clk 01:14:54]} {[%emt 00:18:36]} Qh5 {[%clk 01:09:33]}
{[%emt 00:18:57]} 13. h4 {[%clk 01:15:13]} {[%emt 00:00:11]} Rb8 {[%clk
01:09:08]} {[%emt 00:00:56]} 14. Re1 {[%clk 01:07:14]} {[%emt 00:08:28]} b5
{[%clk 01:01:11]} {[%emt 00:08:28]} 15. cxb5 {[%clk 01:03:19]} {[%emt
00:04:25]} axb5 {[%clk 01:01:19]} {[%emt 00:00:22]} 16. a4 {[%clk 01:02:16]}
{[%emt 00:01:33]} b4 {[%clk 00:51:23]} {[%emt 00:10:25]} 17. Na2 {[%clk
00:58:26]} {[%emt 00:04:21]} Qa5 {[%clk 00:39:50]} {[%emt 00:12:04]} 18. Bd2
{[%clk 00:55:41]} {[%emt 00:03:14]} Ba6 {[%clk 00:40:18]} {[%emt 00:00:03]} 19.
Qe3 {[%clk 00:55:08]} {[%emt 00:01:02]} e5 {[%clk 00:34:02]} {[%emt 00:06:45]}
20. Rbc1 {[%clk 00:51:51]} {[%emt 00:03:47]} Rfc8 {[%clk 00:29:18]} {[%emt
00:05:14]} 21. Rxc8+ {[%clk 00:51:18]} {[%emt 00:01:03]} Bxc8 {[%clk 00:29:40]}
{[%emt 00:00:09]} 22. Qd3 {[%clk 00:47:32]} {[%emt 00:04:15]} d5 {[%clk
00:26:28]} {[%emt 00:03:42]} 23. Nxb4 {[%clk 00:42:18]} {[%emt 00:05:45]} Bf5
{[%clk 00:17:41]} {[%emt 00:09:16]} 24. Nxd5 {[%clk 00:32:22]} {[%emt
00:10:26]} Bxd3 {[%clk 00:03:36]} {[%emt 00:14:35]} 25. Bxa5 {[%clk 00:32:06]}
{[%emt 00:00:46]} Bc2 {[%clk 00:03:44]} {[%emt 00:00:22]} 26. Nxf6+ {[%clk
00:30:25]} {[%emt 00:02:11]} Bxf6 {[%clk 00:04:12]} {[%emt 00:00:02]} 27. Bd5
{[%clk 00:30:44]} {[%emt 00:00:11]} Kg7 {[%clk 00:01:12]} {[%emt 00:03:30]} 28.
Rc1 {[%clk 00:30:48]} {[%emt 00:00:26]} 1-0

[Event "POHÁR města Říčany 2023"]
[Site "Městské kulturní středisko U labutě"]
[Date "2023.08.27"]
[Round "2.11"]
[White "Rut, Vojtech"]
[Black "Kovar, Jan"]
[Result "1-0"]
[WhiteFideId "333190"]
[BlackFideId "354015"]
[WhiteElo "2061"]
[BlackElo "1810"]
[PlyCount "0"]
[EventDate "2023.08.26"]

1. Nf3 {[%clk 01:30:59]} {[%emt 00:24:54]} d5 {[%clk 01:03:13]} {[%emt
00:27:50]} 2. c4 {[%clk 01:31:16]} {[%emt 00:00:12]} e6 {[%clk 01:03:08]}
{[%emt 00:00:34]} 3. g3 {[%clk 01:31:15]} {[%emt 00:00:32]} Nf6 {[%clk
01:03:21]} {[%emt 00:00:17]} 4. Bg2 {[%clk 01:31:33]} {[%emt 00:00:12]} dxc4
{[%clk 01:03:41]} {[%emt 00:00:11]} 5. Qa4+ {[%clk 01:30:12]} {[%emt 00:01:50]}
Bd7 {[%clk 01:03:32]} {[%emt 00:00:38]} 6. Qxc4 {[%clk 01:30:34]} {[%emt
00:00:08]} c5 {[%clk 01:03:50]} {[%emt 00:00:13]} 7. Ne5 {[%clk 01:28:25]}
{[%emt 00:02:38]} Qc8 {[%clk 01:03:45]} {[%emt 00:00:34]} 8. O-O {[%clk
01:27:05]} {[%emt 00:01:50]} Nc6 {[%clk 01:04:02]} {[%emt 00:00:14]} 9. Nxd7
{[%clk 01:27:11]} {[%emt 00:00:24]} Qxd7 {[%clk 01:04:02]} {[%emt 00:00:29]} 10.
b3 {[%clk 01:22:53]} {[%emt 00:04:48]} Be7 {[%clk 00:58:11]} {[%emt 00:06:21]}
11. Bb2 {[%clk 01:23:09]} {[%emt 00:00:14]} Rc8 {[%clk 00:55:07]} {[%emt
00:03:33]} 12. e3 {[%clk 01:14:36]} {[%emt 00:09:04]} O-O {[%clk 00:53:44]}
{[%emt 00:01:53]} 13. Rd1 {[%clk 01:13:02]} {[%emt 00:02:03]} Rfd8 {[%clk
00:44:40]} {[%emt 00:09:35]} 14. d3 {[%clk 01:02:47]} {[%emt 00:10:45]} Nb4
{[%clk 00:32:39]} {[%emt 00:12:32]} 15. Qc3 {[%clk 01:00:42]} {[%emt 00:02:35]}
Nbd5 {[%clk 00:30:54]} {[%emt 00:02:15]} 16. Qc2 {[%clk 01:00:23]} {[%emt
00:00:49]} Nb4 {[%clk 00:29:03]} {[%emt 00:02:21]} 17. Qe2 {[%clk 01:00:35]}
{[%emt 00:00:18]} b6 {[%clk 00:20:58]} {[%emt 00:08:35]} 18. a3 {[%clk
00:59:55]} {[%emt 00:01:10]} Nc6 {[%clk 00:19:46]} {[%emt 00:01:41]} 19. Nc3
{[%clk 00:58:45]} {[%emt 00:01:41]} Qc7 {[%clk 00:18:02]} {[%emt 00:02:13]} 20.
Rac1 {[%clk 00:58:34]} {[%emt 00:00:40]} Qb8 {[%clk 00:16:08]} {[%emt
00:02:25]} 21. f4 {[%clk 00:57:02]} {[%emt 00:02:01]} Bf8 {[%clk 00:13:26]}
{[%emt 00:03:13]} 22. g4 {[%clk 00:55:51]} {[%emt 00:01:40]} Nd5 {[%clk
00:10:03]} {[%emt 00:03:53]} 23. Ne4 {[%clk 00:55:33]} {[%emt 00:00:48]} f6
{[%clk 00:03:45]} {[%emt 00:06:48]} 24. Ba1 {[%clk 00:46:32]} {[%emt 00:09:31]}
e5 {[%clk 00:02:32]} {[%emt 00:01:43]} 25. g5 {[%clk 00:43:08]} {[%emt
00:03:53]} f5 {[%clk 00:00:58]} {[%emt 00:02:04]} 26. Ng3 {[%clk 00:43:35]}
{[%emt 00:00:02]} g6 {[%clk 00:01:18]} {[%emt 00:00:11]} 27. fxe5 {[%clk
00:42:44]} {[%emt 00:01:22]} Nxe5 {[%clk 00:01:31]} {[%emt 00:00:17]} 28. d4
{[%emt 00:05:37]} 1-0

[Event "POHÁR města Říčany 2023"]
[Site "Městské kulturní středisko U labutě"]
[Date "2023.08.27"]
[Round "2.12"]
[White "Jirousek, Tadeas"]
[Black "Davidek, Zdenek"]
[Result "0-1"]
[WhiteFideId "382353"]
[BlackFideId "23725001"]
[WhiteElo "1791"]
[BlackElo "2051"]
[PlyCount "0"]
[EventDate "2023.08.26"]

1. d4 {[%clk 01:30:57]} {[%emt 00:00:02]} Nf6 {[%clk 01:30:48]} {[%emt
00:00:12]} 2. Nf3 {[%clk 01:31:11]} {[%emt 00:00:16]} d5 {[%clk 01:31:12]}
{[%emt 00:00:06]} 3. e3 {[%clk 01:31:29]} {[%emt 00:00:11]} e6 {[%clk
01:30:51]} {[%emt 00:00:52]} 4. Bd3 {[%clk 01:31:13]} {[%emt 00:00:46]} c5
{[%clk 01:31:15]} {[%emt 00:00:06]} 5. b3 {[%clk 01:31:18]} {[%emt 00:00:25]}
Be7 {[%clk 01:29:27]} {[%emt 00:02:18]} 6. Bb2 {[%clk 01:31:21]} {[%emt
00:00:28]} O-O {[%clk 01:29:49]} {[%emt 00:00:08]} 7. O-O {[%clk 01:31:42]}
{[%emt 00:00:09]} b6 {[%clk 01:27:57]} {[%emt 00:02:22]} 8. Ne5 {[%clk
01:30:45]} {[%emt 00:01:27]} Qc7 {[%clk 01:24:39]} {[%emt 00:03:48]} 9. f4
{[%clk 01:28:30]} {[%emt 00:02:45]} Ba6 {[%clk 01:22:46]} {[%emt 00:02:22]} 10.
c4 {[%clk 01:12:14]} {[%emt 00:16:46]} dxc4 {[%clk 01:15:27]} {[%emt 00:07:50]}
11. bxc4 {[%clk 01:05:14]} {[%emt 00:01:10]} Rd8 {[%clk 00:56:35]} {[%emt
00:25:41]} 12. Qf3 {[%clk 00:29:49]} {[%emt 00:35:55]} Bb7 {[%clk 00:50:19]}
{[%emt 00:06:47]} 13. Qh3 {[%clk 00:28:13]} {[%emt 00:02:05]} Nbd7 {[%clk
00:35:26]} {[%emt 00:15:24]} 14. Nd2 {[%clk 00:20:33]} {[%emt 00:08:10]} Nf8
{[%clk 00:35:37]} {[%emt 00:00:19]} 15. Ndf3 {[%clk 00:15:52]} {[%emt
00:05:11]} Ne4 {[%clk 00:26:25]} {[%emt 00:09:41]} 16. Ng5 {[%clk 00:11:53]}
{[%emt 00:04:29]} Bxg5 {[%clk 00:19:18]} {[%emt 00:07:37]} 17. fxg5 {[%clk
00:02:13]} {[%emt 00:10:10]} Nxg5 {[%clk 00:19:43]} {[%emt 00:00:05]} 18. Qh5
{[%clk 00:01:07]} {[%emt 00:01:36]} f6 {[%clk 00:18:00]} {[%emt 00:02:13]} 19.
Ng4 {[%clk 00:00:53]} {[%emt 00:00:43]} Qf7 {[%clk 00:16:00]} {[%emt 00:02:30]}
20. Qh4 {[%clk 00:00:41]} {[%emt 00:00:41]} Ng6 {[%clk 00:16:26]} {[%emt
00:00:04]} 21. Qf2 {[%clk 00:00:40]} {[%emt 00:00:31]} Be4 {[%clk 00:16:09]}
{[%emt 00:00:47]} 22. Qc2 {[%clk 00:00:35]} {[%emt 00:00:35]} Qb7 {[%clk
00:15:13]} {[%emt 00:01:26]} 23. Rae1 {[%clk 00:00:34]} {[%emt 00:00:31]} f5
{[%clk 00:14:15]} {[%emt 00:01:28]} 24. Ne5 {[%clk 00:00:33]} {[%emt 00:00:30]}
Nxe5 {[%clk 00:14:27]} {[%emt 00:00:19]} 25. Bxe4 {[%clk 00:00:48]} {[%emt
00:00:15]} Qxe4 {[%clk 00:14:37]} {[%emt 00:00:19]} 26. Qxe4 {[%clk 00:00:47]}
{[%emt 00:00:31]} Nxe4 {[%clk 00:14:57]} {[%emt 00:00:10]} 27. dxe5 {[%clk
00:00:36]} {[%emt 00:00:41]} Nd2 {[%clk 00:15:16]} {[%emt 00:00:11]} 28. Rc1
{[%clk 00:00:33]} {[%emt 00:00:33]} Nxf1 {[%clk 00:15:42]} {[%emt 00:00:05]}
0-1